Personnages saison 1 Andor - Statistiques

Statistiques générales
  • Ce quiz a été pris 40 fois
  • Le résultat moyen est 11 sur 24
Statistiques - réponses
Par images Réponse % Correct
Cassian Andor
100%
Mon Mothma
86%
Saw Gerrera
75%
Bix Caleen
72%
Luthen Rael
72%
Dedra Meero
69%
Syril Karn
61%
Karis Nemik
47%
Kleya Marki
44%
Major Partagaz
44%
Kino Loy
39%
Maarva Andor
39%
Ruescott Melshi
36%
Vel Sartha
36%
Cinta Kaz
33%
Tay Kolma
33%
Brasso
31%
Lieutenant Gorn
31%
Arvel Skeen
28%
B2EMO
28%
Timm Karlo
28%
Perrin Fertha
25%
Taramyn Barcona
25%
Sergent Linus Mosk
6%
Aucun quiz correspondant
Distribution des résultats
% des personnes avec chaque résultat
Percentile par nombre de réponses
Votre historique - résultats
Vous n’avez pas pris ce quiz